000 00540nam a22001697a 4500
005 20251108175017.0
008 250721s2011 xx 000 0 ara d
082 1 4 _aم/956/صاو
100 1 _aالصاوي، الصاوي محمد
_eمؤلف
245 1 0 _aموسوعة تاريخ الإسلام /
264 1 _aمصر :
_bالدار العالمية للكتب والنشر،
_c2011.
300 _a3مج.
650 1 7 _aالتاريخ الإسلامي
650 1 7 _aالسيرة النبوية
942 _2ddc
_cREF
999 _c123874
_d123874